000
00291nam a22001337a 4500
008
260324b ||||| |||| 00| 0 eng d
020
_a
9789951059114
041
_a
Shqip
080
_a
821.18
100
_a
25
101
_a
Tregime
245
_a
Medaljoni
_c
Rrahman Dedaj
942
_2
udc
_c
BK
999
_c
60930
_d
60930